Science Quiz

Random Science Quiz

Photosynthesis Review Level 2 Quiz Stats

 Plays Quiz not verified by Sporcle

Score 0/17 Timer 20:00
0 Plays Today
Hint Answer % Correct
The accurate formula for photosynthesis is: Water + Glucose + Sunlight = Carbon Dioxide + Oxygen???
52%
Plants can create their own glucose???
52%
Photosynthesis occurs in the cells in the roots of the plants???
51.8%
Animals can create their own glucose???
51.8%
The main molecule that living things use for energy is glucose???
51.4%
Plants must eat in order to get glucose???
50.3%
Chlorophyll is the pigment that helps plants use the energy from the sunlight???
49.3%
The accurate formula for photosynthesis is: Carbon Dioxide + Sunlight = Water + Oxygen + Glucose???
49.3%
The accurate formula for photosynthesis is: Water + Oxygen + Sunlight = Carbon Dioxide + Glucose???
49%
Hint Answer % Correct
The accurate formula for photosynthesis is: Water + Carbon Dioxide + Sunlight = Oxygen + Glucose???
48.8%
Photosynthesis occurs in the cells in the leaves of the plants???
47.5%
Photosynthesis occurs in the chloroplasts of plant cellls???
47.3%
Animals must eat in order to get glucose???
47.3%
The main molecule that living things use for energy is oxygen???
47.1%
Photosynthesis occurs in the cells in the flowers of the plants???
46.9%
Photosynthesis occurs in the mitochondria of plant cellls???
46.7%
Chloroform is the pigment that helps plants use the energy from the sunlight???
44.3%

You're not logged in!

Compare scores with friends on all Sporcle quizzes.
OR
Log In

Sporcle TV

Today on Sporcle TV


Watch our educational content, quiz creation guides, and fun videos on Sporcle TV.

Show Comments

Extras

Top Quizzes Today


Score Distribution

Your Account Isn't Verified!

In order to create a playlist on Sporcle, you need to verify the email address you used during registration. Go to your Sporcle Settings to finish the process.

Report this User

Report this user for behavior that violates our Community Guidelines.

Details: